00331nam a2200109Ia 4500008004100000100001900041245004400060500007600104650001700180942000700197999001700204181011s9999 xx 000 0 und d aD.M. Donaldson 4aThe Lost sheep of the People of Israel aBulletin of the Henry MartynSchool of Islamic Studies April - June 1950 aChristianity cBR c21707d21707